|
|
|
|
| LEADER |
00000nam0a2200000 4500 |
| 001 |
30477 |
| 005 |
20231030203925.0 |
| 010 |
|
|
|a 5934530143
|
| 035 |
|
|
|a (RuTPU)RU\TPU\book\30747
|
| 035 |
|
|
|a BOOK00030824
|
| 090 |
|
|
|a 30477
|
| 100 |
|
|
|a 20011209d2000 m y0rusy50 ca
|
| 101 |
0 |
|
|a rus
|
| 102 |
|
|
|a RU
|
| 105 |
|
|
|a а z 000zb
|
| 200 |
1 |
|
|a 1799-1824
|
| 210 |
|
|
|d 2000
|
| 215 |
|
|
|a 432 с.
|c ил.
|
| 225 |
1 |
|
|a Пушкинская библиотека
|
| 461 |
|
|
|t Жизнь Пушкина
|o В 2-х т.
|f А. В. Тыркова-Вильямс
|v Т. 1
|d 2000-
|
| 600 |
|
1 |
|a Пушкин
|g Александр Сергеевич
|c русский писатель, поэт
|f 1799 - 1837
|b А. С.
|2 stltpui
|3 (RuTPU)RU\TPU\pers\1026
|
| 610 |
1 |
|
|a литературоведение
|
| 610 |
1 |
|
|a русская литература
|
| 610 |
1 |
|
|a 19 век
|
| 675 |
|
|
|a 8Р1(092)Пушкин,А.С.
|v 3
|
| 801 |
|
0 |
|a RU
|b 63413507
|c 20011209
|g PSBO
|
| 801 |
|
2 |
|a RU
|b 63413507
|c 20050214
|g PSBO
|
| 942 |
|
|
|c BK
|